书目信息 |
| 题名: |
2小时学会五笔
|
|
| 作者: | 杨盛 著 | |
| 分册: | ||
| 出版信息: | 西安 西安电子科技大学社 2004.02 |
|
| 页数: | 276页 | |
| 开本: | 26cm | |
| 丛书名: | ||
| 单 册: | ||
| 中图分类: | TP391.14 | |
| 科图分类: | ||
| 主题词: | 汉字编码--五笔字型--教材 | |
| 电子资源: | ||
| ISBN: | 7-5606-1341-1 | |
| 000 | 00705nam0 2200241 45 | |
| 001 | 012004010751 | |
| 005 | 20040702163742.0 | |
| 010 | @a7-5606-1341-1@dCNY25.00 | |
| 100 | @a20041103d2004 em y0chiy50 ea | |
| 101 | 0 | @achi |
| 102 | @aCN@b610000 | |
| 105 | @aa z 000yy | |
| 200 | 1 | @a2小时学会五笔@A2 xiao shi xue hui wu bi@eY5速成学习法@f杨盛著@Fyang sheng zhu |
| 210 | @a西安@c西安电子科技大学社@d2004.02 | |
| 215 | @a276页@c图表@d26cm | |
| 300 | @a杨盛五笔字型标准培训教材 | |
| 517 | 1 | @aY5速成学习法 |
| 606 | 0 | @a汉字编码@x五笔字型@j教材 |
| 690 | @aTP391.14@v4 | |
| 701 | 0 | @a杨盛@Ayang sheng@4著 |
| 801 | 0 | @aCN@bBZT@c20041103 |
| 905 | @aBZT@dTP391.14@e1@f6 | |
| 906 | @dCNY25.00@n0@r1 | |
| 2小时学会五笔:Y5速成学习法/杨盛著.-西安:西安电子科技大学社,2004.02 |
| 276页:图表;26cm |
| 杨盛五笔字型标准培训教材 |
| ISBN 7-5606-1341-1:CNY25.00 |
| ● |
| 相关链接 |
|
|
|
正题名:2小时学会五笔
索取号:TP391.14/1
 
预约/预借
| 序号 | 登录号 | 条形码 | 馆藏地/架位号 | 状态 | 备注 |
| 1 | 0372828 | 200925963 | 样本书库/样004架B面1层1列/ [索取号:TP391.14/1] | 在馆 | |
| 2 | 0372829 | 200925972 | 中心书库中库/ 中库027架A面8列7层1/ [索取号:TP391.14/1] | 在馆 | |
| 3 | 0372831 | 230083089 | 中心书库中库/ 中库027架A面8列7层2/ [索取号:TP391.14/1] | 在馆 |